000 00620cab a2200217 4500
001 ABS41345
008 090401t1989 xxu||||| |||| 00| 0 eng d
035 _a(Sirsi) u29645
041 _aeng
100 _aMontague, R.
245 _aComputing
260 _c1989
350 _a0
490 _aBuilding Today
_v198(5824) 21 September 1989, 27-35(9)
520 _aReviews software systems for builders, particularly looking at the benefits of CAD systems. Product review.
650 _aCOMPUTERS
690 _aBUILDING AND CONSTRUCTION-COMPUTERS
700 _aWilliams, J.
942 _n0
948 _c04/03/1997
999 _c19948
_d19948